Chorus Iglovia si v Poľsku vyspieval bronz

Bibliographic Details
Format: Article
Language:Slovak
PhysicalDescription:Fotogr.
ISSN:1335-7590
Subjects:

MARC

LEADER 00000nab a2200000 ar4500
001 vtls010113318
003 SK-MaSNL
005 20260303233329.0
008 100708c20090601xo mr|p|||||||000 b|slo
038 |a SNSK 
040 |b slo  |c SNSK  |e AACR2 
041 |a slo 
044 |a xo  |c SK 
080 |a 06.063  |x (438)  |x "2009"  |2 2001 
080 |a 78.087.684  |x (437.678)  |2 2001 
245 0 0 |a Chorus Iglovia si v Poľsku vyspieval bronz  |c [autor](mui) 
300 |b Fotogr. 
610 2 7 |a Chorus Iglovia (miešaný zbor : Spišská Nová Ves, Slovensko)  |2 snsk  |9 1048950 
650 0 7 |a miešané zbory  |2 snsk  |9 72852 
650 0 7 |a súťaže  |2 snsk  |9 3301 
651 7 |a Spišská Nová Ves (Slovensko)  |2 snsk  |9 28800 
651 7 |a Poľsko  |2 snsk  |9 16755 
773 0 |t Spišský Korzár  |g Roč. XI., č. 124 (1.6.2009), s. 2  |x 1335-7590 
852 |a SNSK  |b KIS3GCP 
958 |a PL 
958 |a SK 
999 |c 2514621  |d 2516551